[Event "PER-ch"]
[Site "Lima"]
[Date "2023.09.03"]
[Round "8"]
[White "Principe, Gerson"]
[Black "Nunez Villazana, Norbil Marco"]
[Result "1-0"]
[WhiteElo "2213"]
[BlackElo "1902"]
[PlyCount "76"]
[EventDate "2023.08.29"]
[EventType "swiss"]
[EventRounds "9"]
[EventCountry "PER"]
[SourceTitle "EXT 2024"]
[Source "ChessBase"]
[SourceDate "2023.10.10"]
[SourceVersion "1"]
[SourceVersionDate "2023.10.10"]
[SourceQuality "1"]

1. Nf3 Nf6 2. b3 d5 3. Bb2 Bf5 4. Bxf6 exf6 5. e3 Nc6 6. Nh4 Be6 7. d4 g6 8. Be2 h5 9. 0-0 g5 10. Nf3 g4 11. Nfd2 f5 12. c4 Qg5 13. Nc3 0-0-0 14. cxd5 Bxd5 15. Nxd5 Rxd5 16. Bc4 Rd6 17. Qe2 Bh6 18. Bxf7 Qe7 19. d5 Nd4 20. Qd3 Qxf7 21. exd4 Bxd2 22. Qxd2 Rxd5 23. Qf4 Rhd8 24. Rad1 h4 25. Rfe1 h3 26. Re3 hxg2 27. Kxg2 Qd7 28. Rc3 Kb8 29. Rdc1 Rc8 30. Rc4 Rd6 31. a4 a5 32. Qe5 Re6 33. Qxf5 Qd6 34. R4c3 Rh8 35. Rg3 Reh6 36. h3 Rxh3 37. Qe5 Rh2+ 38. Kf1 Qd7 1-0

[Event "PER-ch"]
[Site "Lima"]
[Date "2023.08.30"]
[Round "3"]
[White "Nunez Villazana, Norbil Marco"]
[Black "Garay Ramirez, Estefano Javier"]
[Result "0-1"]
[WhiteElo "1902"]
[BlackElo "1554"]
[PlyCount "64"]
[EventDate "2023.08.29"]
[EventType "swiss"]
[EventRounds "9"]
[EventCountry "PER"]
[SourceTitle "EXT 2024"]
[Source "ChessBase"]
[SourceDate "2023.10.10"]
[SourceVersion "1"]
[SourceVersionDate "2023.10.10"]
[SourceQuality "1"]

1. d4 Nf6 2. c4 g6 3. Nc3 d5 4. cxd5 Nxd5 5. Bd2 Nb6 6. e4 Bg7 7. Be3 0-0 8. Nf3 Nc6 9. h3 e5 10. d5 Ne7 11. Qb3 c6 12. Rd1 Bd7 13. Bg5 h6 14. Bh4 cxd5 15. exd5 g5 16. Bg3 Nf5 17. Be2 Nxg3 18. fxg3 e4 19. Nd4 Qe7 20. 0-0 Qe5 21. Bh5 f5 22. Ne6 Qxg3 23. Nxf8 Rxf8 24. d6+ Kh8 25. Nd5 Qh4 26. Bg6 Ba4 27. Qa3 Bxd1 28. Nxb6 Bd4+ 29. Kh1 Bf3 30. Rxf3 Qe1+ 31. Kh2 Bg1+ 32. Kh1 Bf2+ 0-1